000 01345nam a2200337 i 4500
001 58664
003 ES-MaACL
005 20250828022449.0
007 t|
008 031023m19661967sp ||||1| spa d
245 0 0 _aEducar /
_c[traducción de José Antonio Ríos y Ester Cantero].
260 _aSalamanca :
_bSígueme,
_c1966-67.
300 _a3 v. ;
_c22 cm.
490 1 _aLux Mundi ;
_v15, 16 y 17
500 _aPrecede al tít.: Pontificio Ateneo Salesiano.
505 8 _aContiene: V. I.: Pedagogía y didáctica / P. Braido .. [et al.]. -- V. II.: Metodología de la investigación psicopedagógica. Psicología general, evolutiva y diferencial / L. Calonghi ... [et al.]. -- V. III.: Metodología de la catequesis / G. Dohl, L. Csonka, G.C. Negri
650 0 7 _aPedagogía
_2embne
_915904
650 0 7 _aPsicología
_2embne
_916540
650 7 _aEducación cristiana
_2embne
_912090
700 1 _aRíos, José Antonio.
_997365
700 1 _aCantero, Ester.
_934648
700 1 _aBraido, Pietro.
_9140256
700 1 _aCalonghi, Luigi.
_933778
700 1 _aCsonka, L.
_941871
700 1 _aNegri, G. C.
_985301
700 1 _aDho, Giovenale.
_944068
710 2 _aPontificio Ateneo Salesiano.
_96239
830 0 _aLux Mundi ;
_v15, 16 y 17
_9182650
852 _aES-MaACL
_jP-1143
_bR.62161
999 _c58664
_d58664